000 00670nam a2200205 a 4500
001 000025090
005 20240530073919.0
008 110210s2012 dr 001 f spa d
040 _aDO-SdBNP
_bspa
_cBNPHU
082 _aRD863.44
_bG551e
100 1 _aGoede, Johanna,
_d1955-
_951482
245 1 3 _aEl enigma de los pergaminos /
_cJohanna Goede.
260 _aSanto Domingo :
_bBúho,
_c2012.
300 _a258 p. ;
_c22 cm.
500 _aIncluye datos biográficos de la autora en la solapa de la cubierta.
590 _aInventariado, 2109/BT
650 0 _aNovela dominicana
_9223
650 0 _aLiteratura dominicana.
_967
910 _aValidado. Control de calidad EMS
999 _c24583
_d24583